| 000 | 00503nam a2200181Ia 4500 | ||
|---|---|---|---|
| 001 | 19971 | ||
| 005 | 20260306172732.0 | ||
| 008 | 260306t2020||||xx |||||||||||||| ||spa|| | ||
| 041 | _aESP | ||
| 082 |
_a342 _bT95 |
||
| 100 |
_aTurpo Choquehuanca, Fortunato _eAUT |
||
| 245 | 0 |
_aLas primeras naciones en el derecho internacional: _bhistoria y filosofía jurídica de los pueblos |
|
| 260 | _c2020 | ||
| 300 |
_a324 páginas : _c24 cm. |
||
| 650 | _aGEN | ||
| 654 | _aCDE | ||
| 942 |
_cLIB _dJUS _fJUS _2ddc _n |
||
| 999 |
_c19971 _d19971 |
||